MARC details
| 000 -CABECERA |
| campo de control de longitud fija |
05119nam a2200721 i 4500 |
| 003 - IDENTIFICADOR DEL NÚMERO DE CONTROL |
| campo de control |
DO-SdBNP |
| 005 - FECHA Y HORA DE LA ÚLTIMA TRANSACCIÓN |
| campo de control |
20241114085931.0 |
| 007 - CAMPO FIJO DE DESCRIPCIÓN FÍSICA--INFORMACIÓN GENERAL |
| campo de control de longitud fija |
ta |
| 008 - DATOS DE LONGITUD FIJA--INFORMACIÓN GENERAL |
| campo de control de longitud fija |
240827s2011 dr abo 001 0 spa d |
| 020 ## - NÚMERO INTERNACIONAL ESTÁNDAR DEL LIBRO |
| Número Internacional Estándar del Libro |
9789945872811 |
| 040 ## - FUENTE DE LA CATALOGACIÓN |
| Centro catalogador/agencia de origen |
DO-SdBNP |
| Lengua de catalogación |
spa |
| Centro/agencia transcriptor |
BNPHU |
| Normas de descripción |
rda |
| 041 ## - CÓDIGO DE LENGUA |
| Código de lengua del texto/banda sonora o título independiente |
spa |
| 082 #4 - NÚMERO DE LA CLASIFICACIÓN DECIMAL DEWEY |
| Número de clasificación |
333.950223 |
| Número de documento/Ítem |
A881b |
| Número de edición |
22 |
| 245 00 - MENCIÓN DE TÍTULO |
| Título |
Atlas de biodiversidad y recursos naturales de la República Dominicana / |
| Mención de responsabilidad, etc. |
edición Amarilis Polonia, Mariana Pérez ; cartografía Patria Sánchez, Santiago Hernández, Yoenny Urbáez, Alba Cadete, Fidelina Fernández ; fotografías, Adrián Tejedor, Adolfo López, Andreas Schubert, César Sánchez, Daneris Santana y otros. |
| 250 ## - MENCIÓN DE EDICIÓN |
| Mención de edición |
Primera edición |
| 264 #4 - PRODUCCIÓN, PUBLICACIÓN, DISTRIBUCIÓN, FABRICACIÓN Y COPYRIGHT |
| Producción, publicación, distribución, fabricación y copyright |
Santo Domingo, República Dominicana : |
| Nombre del de productor, editor, distribuidor, fabricante |
Ministerio de Medio Ambiente y Recursos Naturales, |
| Fecha de producción, publicación, distribución, fabricación o copyright |
©2011. |
| 300 ## - DESCRIPCIÓN FÍSICA |
| Extensión |
110 páginas : |
| Otras características físicas |
ilustraciones, mapas, retratos ; |
| Dimensiones |
35 x 48 cm. |
| 336 ## - TIPO DE CONTENIDO |
| Término de tipo de contenido |
texto |
| Código de tipo de contenido |
txt |
| Fuente |
rdacontent |
| 337 ## - TIPO DE MEDIO |
| Nombre/término del tipo de medio |
sin mediación |
| Código del tipo de medio |
n |
| Fuente |
rdamedia |
| 338 ## - TIPO DE SOPORTE |
| Nombre/término del tipo de soporte |
volumen |
| Código del tipo de soporte |
nc |
| Fuente |
rdacarrier |
| 500 ## - NOTA GENERAL |
| Nota general |
Incluye glosario. |
| 504 ## - NOTA DE BIBLIOGRAFÍA, ETC. |
| Nota de bibliografía, etc. |
Bibliografía: p. 105 |
| 505 0# - NOTA DE CONTENIDO CON FORMATO |
| Información miscelánea |
Introducción -- |
| -- |
Aspectos físicos -- |
| Título |
Elevaciones -- Orografía -- Rangos de pendiente -- Regiones geomórficas / |
| Información miscelánea |
Biodiversidad -- |
| Título |
Zonas de alto endemismo -- Flora endémica y nativa en peligro de extinción -- Invertebrados endémicos y nativos amenazados y en peligro -- Anfibios endémicos amenazados -- Reptiles endémicos y nativos amenazados -- Aves endémicas y nativas amenazados -- Áreas importantes para la conservación de las aves -- Mamíferos endémicos y nativos amenazados -- Humedales -- Ecosistemas costeros marinos -- Sistema nacional de áreas protegidas / |
| Información miscelánea |
Recursos hídricos -- |
| Título |
Zonas productoras de agua superficiales -- Hidrografía y localización de presas -- Cuencas y subcuencas hidrográficas -- Hidrogeología (aguas subterráneas) -- Distritos de riego, canales y áreas irrigadas / |
| Información miscelánea |
Aspectos climáticos -- |
| Título |
Isoyetas (precipitación media anual) -- Estaciones meteorológicas -- Potencial eólico -- Zonas ecológicas o zonas de vida -- Índice de Aridez / |
| Información miscelánea |
Recursos biofísicos -- |
| Título |
Capacidad productiva de los suelos -- Unidad de recursos para la planificación del uso de los suelos (URP) -- Asociaciones de suelos -- Uso y cobertura de la tierra 1996 -- Uso y cobertura de la tierra 2003 -- Cobertura boscosa 1996 -- Cobertura boscosa 2003 -- Cuevas -- Zonas de reforestación y viveros forestales -- Geología -- Recursos minerales -- Canteras y agregados / |
| Información miscelánea |
Amenazas naturales -- |
| Título |
Zonas con amenaza a inundaciones -- Sismo-tectónica -- Rutas de huracanes y tormentas tropicales -- Fenómenos climáticos en los últimos 25 años -- Inundaciones tormenta Noel / |
| Información miscelánea |
División política-Administrativa -- |
| Título |
Vías de comunicación terrestre -- Político-Administrativo / |
| -- |
Fuentes de la información cartográfica -- |
| -- |
Fuentes fotográficas -- |
| -- |
Fuentes bibliográficas -- |
| -- |
Glosario de términos -- |
| -- |
Equipo técnico / |
| 590 ## - NOTA LOCAL (RLIN) |
| Nota local |
Inventariado 2024 / YL |
| 650 #4 - PUNTO DE ACCESO ADICIONAL DE MATERIA--TÉRMINO DE MATERIA |
| Término de materia o nombre geográfico como elemento de entrada |
Diversidad biológica |
| Subdivisión de forma |
Atlas |
| 9 (RLIN) |
23164 |
| 650 #4 - PUNTO DE ACCESO ADICIONAL DE MATERIA--TÉRMINO DE MATERIA |
| Término de materia o nombre geográfico como elemento de entrada |
Ecosistemas |
| Subdivisión geográfica |
República Dominicana |
| Subdivisión de forma |
Mapas |
| 9 (RLIN) |
23165 |
| 650 #4 - PUNTO DE ACCESO ADICIONAL DE MATERIA--TÉRMINO DE MATERIA |
| Término de materia o nombre geográfico como elemento de entrada |
Conservación de la vida silvestre |
| Subdivisión geográfica |
República Dominicana |
| Subdivisión de forma |
Mapas |
| 9 (RLIN) |
23166 |
| 650 #4 - PUNTO DE ACCESO ADICIONAL DE MATERIA--TÉRMINO DE MATERIA |
| Término de materia o nombre geográfico como elemento de entrada |
Conservación de los recursos naturales |
| Subdivisión geográfica |
República Dominicana |
| Subdivisión de forma |
Mapas |
| 9 (RLIN) |
23167 |
| 700 1# - PUNTO DE ACCESO ADICIONAL--NOMBRE DE PERSONA |
| Nombre de persona |
Polonia, Amarilis |
| 9 (RLIN) |
23168 |
| Término indicativo de función/relación |
editor |
| Código de función/relación |
ed. |
| 700 1# - PUNTO DE ACCESO ADICIONAL--NOMBRE DE PERSONA |
| Nombre de persona |
Pérez, Mariana |
| Término indicativo de función/relación |
editor |
| 9 (RLIN) |
86426 |
| Código de función/relación |
ed. |
| 700 1# - PUNTO DE ACCESO ADICIONAL--NOMBRE DE PERSONA |
| Nombre de persona |
Sánchez, Patria |
| Término indicativo de función/relación |
cartógrafo |
| 9 (RLIN) |
86427 |
| 700 1# - PUNTO DE ACCESO ADICIONAL--NOMBRE DE PERSONA |
| Nombre de persona |
Hernández, Santiago |
| Término indicativo de función/relación |
cartógrafo |
| 9 (RLIN) |
86428 |
| 700 1# - PUNTO DE ACCESO ADICIONAL--NOMBRE DE PERSONA |
| Nombre de persona |
Urbáez, Yoenny |
| Término indicativo de función/relación |
cartógrafo |
| 9 (RLIN) |
86429 |
| 700 1# - PUNTO DE ACCESO ADICIONAL--NOMBRE DE PERSONA |
| Nombre de persona |
Cadete, Alba |
| Término indicativo de función/relación |
cartógrafo |
| 9 (RLIN) |
86430 |
| 700 1# - PUNTO DE ACCESO ADICIONAL--NOMBRE DE PERSONA |
| Nombre de persona |
Fernández, Fidelina |
| Término indicativo de función/relación |
cartógrafo |
| 9 (RLIN) |
86431 |
| 700 1# - PUNTO DE ACCESO ADICIONAL--NOMBRE DE PERSONA |
| Nombre de persona |
Tejedor, Adrian |
| Término indicativo de función/relación |
fotógrafo |
| 9 (RLIN) |
86432 |
| 700 1# - PUNTO DE ACCESO ADICIONAL--NOMBRE DE PERSONA |
| Nombre de persona |
López, Adolfo |
| 9 (RLIN) |
86433 |
| Término indicativo de función/relación |
fotógrafo |
| 700 1# - PUNTO DE ACCESO ADICIONAL--NOMBRE DE PERSONA |
| Nombre de persona |
Schubert, Andreas |
| 9 (RLIN) |
86434 |
| Término indicativo de función/relación |
fotógrafo |
| 700 1# - PUNTO DE ACCESO ADICIONAL--NOMBRE DE PERSONA |
| Nombre de persona |
Sánchez, César |
| 9 (RLIN) |
86435 |
| Término indicativo de función/relación |
fotógrafo |
| 700 1# - PUNTO DE ACCESO ADICIONAL--NOMBRE DE PERSONA |
| Nombre de persona |
Santana, Daneris |
| 9 (RLIN) |
86436 |
| Término indicativo de función/relación |
fotógrafo |
| 700 1# - PUNTO DE ACCESO ADICIONAL--NOMBRE DE PERSONA |
| Nombre de persona |
Castillo, Eusebio |
| Término indicativo de función/relación |
fotógrafo |
| 9 (RLIN) |
86437 |
| 700 1# - PUNTO DE ACCESO ADICIONAL--NOMBRE DE PERSONA |
| Nombre de persona |
Rupp, Ernst |
| Término indicativo de función/relación |
fotógrafo |
| 9 (RLIN) |
86438 |
| 700 1# - PUNTO DE ACCESO ADICIONAL--NOMBRE DE PERSONA |
| Nombre de persona |
Jiménez, Francisco |
| Término indicativo de función/relación |
fotógrafo |
| 9 (RLIN) |
24070 |
| 700 1# - PUNTO DE ACCESO ADICIONAL--NOMBRE DE PERSONA |
| Nombre de persona |
Torrado, Irene |
| Término indicativo de función/relación |
fotógrafo |
| 9 (RLIN) |
86439 |
| 700 1# - PUNTO DE ACCESO ADICIONAL--NOMBRE DE PERSONA |
| Nombre de persona |
Bauer, Jerry |
| Término indicativo de función/relación |
fotógrafo |
| 9 (RLIN) |
86440 |
| 700 1# - PUNTO DE ACCESO ADICIONAL--NOMBRE DE PERSONA |
| Nombre de persona |
Brocca, Jorge |
| Término indicativo de función/relación |
fotógrafo |
| 9 (RLIN) |
85671 |
| 700 1# - PUNTO DE ACCESO ADICIONAL--NOMBRE DE PERSONA |
| Nombre de persona |
Álvarez, José Alejandro |
| Término indicativo de función/relación |
fotóografo |
| 9 (RLIN) |
78811 |
| 700 1# - PUNTO DE ACCESO ADICIONAL--NOMBRE DE PERSONA |
| Nombre de persona |
Soto, José Luis |
| Término indicativo de función/relación |
fotógrafo |
| 9 (RLIN) |
15817 |
| 700 1# - PUNTO DE ACCESO ADICIONAL--NOMBRE DE PERSONA |
| Nombre de persona |
Guerrero, Kelvin |
| Término indicativo de función/relación |
fotógrafo |
| 9 (RLIN) |
86441 |
| 700 1# - PUNTO DE ACCESO ADICIONAL--NOMBRE DE PERSONA |
| Nombre de persona |
Landestoy, Miguel |
| Término indicativo de función/relación |
fotógrafo |
| 9 (RLIN) |
84812 |
| 700 1# - PUNTO DE ACCESO ADICIONAL--NOMBRE DE PERSONA |
| Nombre de persona |
González, Milton |
| Término indicativo de función/relación |
fotógrafo |
| 9 (RLIN) |
83244 |
| 700 1# - PUNTO DE ACCESO ADICIONAL--NOMBRE DE PERSONA |
| Nombre de persona |
García Marcano, Nelson |
| Término indicativo de función/relación |
fotógrafo |
| 9 (RLIN) |
86442 |
| 700 1# - PUNTO DE ACCESO ADICIONAL--NOMBRE DE PERSONA |
| Nombre de persona |
Genaro Rodríguez, Pedro |
| Término indicativo de función/relación |
fotógrafo |
| 9 (RLIN) |
82770 |
| 700 1# - PUNTO DE ACCESO ADICIONAL--NOMBRE DE PERSONA |
| Nombre de persona |
Taveras, Pedro |
| Término indicativo de función/relación |
fotógrafo |
| 9 (RLIN) |
86443 |
| 700 1# - PUNTO DE ACCESO ADICIONAL--NOMBRE DE PERSONA |
| Nombre de persona |
Briones, Ricardo |
| Término indicativo de función/relación |
fotógrafo |
| 9 (RLIN) |
29826 |
| 700 1# - PUNTO DE ACCESO ADICIONAL--NOMBRE DE PERSONA |
| Nombre de persona |
Rodríguez, Rosa |
| Término indicativo de función/relación |
fotógrafo |
| 9 (RLIN) |
86444 |
| 700 1# - PUNTO DE ACCESO ADICIONAL--NOMBRE DE PERSONA |
| Nombre de persona |
Rodríguez, Sésar |
| Término indicativo de función/relación |
fotógrafo |
| 9 (RLIN) |
86279 |
| 700 1# - PUNTO DE ACCESO ADICIONAL--NOMBRE DE PERSONA |
| Nombre de persona |
Montilla, Tomás |
| Término indicativo de función/relación |
fotógrafo |
| 9 (RLIN) |
86445 |
| 700 1# - PUNTO DE ACCESO ADICIONAL--NOMBRE DE PERSONA |
| Nombre de persona |
León, Yolanda |
| Término indicativo de función/relación |
fotógrafo |
| 9 (RLIN) |
61576 |
| 710 1# - PUNTO DE ACCESO ADICIONAL--NOMBRE DE ENTIDAD CORPORATIVA |
| Nombre de entidad corporativa o nombre de jurisdicción como elemento de entrada |
República Dominicana. |
| Unidad subordinada |
Ministerio de Medio Ambiente y Recursos Naturales. |
| 9 (RLIN) |
66969 |
| 910 ## - DATOS DE OPCIÓN DEL USUARIO (OCLC) |
| Datos de opción del usuario |
YLockward/Validado. Control de calidad MFF |
| 942 ## - ELEMENTOS DE PUNTO DE ACCESO ADICIONAL (KOHA) |
| Fuente del sistema de clasificación o colocación |
Dewey Decimal Classification |
| Tipo de ítem Koha |
Libro |